Σχεδίαση καροτσιού για οδοκαθαριστές πόλεων : διπλωματική εργασία

Στόχος της παρούσας διπλωματικής εργασίας είναι ο λεπτομερής σχεδιασμός ενός καροτσιού για οδοκαθαριστές πόλεων. Το καρότσι αυτό θα πρέπει να διαθέτει χώρο για ανακυκλώσιμα υλικά και άλλο για τα υπόλοιπα απορρίμματα, χώρο για τα εργαλεία του οδοκαθαριστή και τα προσωπικά του αντικείμενα. Ακόμα θα π...

Πλήρης περιγραφή

Αποθηκεύτηκε σε:
Λεπτομέρειες βιβλιογραφικής εγγραφής
Κύριος συγγραφέας: Κουκά, Υβόννη
Συγγραφή απο Οργανισμό/Αρχή: Πανεπιστήμιο Αιγαίου. Σχολή Θετικών Επιστημών. Τμήμα Μηχανικών Σχεδίασης Προϊόντων και Συστημάτων
Μορφή: Thesis Βιβλίο
Γλώσσα:Greek
Δημοσίευση: 2016.
Θέματα:
Διαθέσιμο Online:http://hdl.handle.net/11610/19651
Ετικέτες: Προσθήκη ετικέτας
Δεν υπάρχουν, Καταχωρήστε ετικέτα πρώτοι!

MARC

LEADER 00000cam a2200000 a 4500
001 1/112809
008 170125s2016####gr | ||| |||| ||gre||
040 |a GR-MyUa  |b gre  |c GR-MyUa  |e AACR2 
041 0 |a gre 
082 7 |a 628.46   |2 (23)  
100 1 |a Κουκά, Υβόννη. 
245 1 0 |a Σχεδίαση καροτσιού για οδοκαθαριστές πόλεων :   |b διπλωματική εργασία /   |c Κουκά Υβόννη ; επιβλέπων καθηγητής Παπανίκος Παρασκευάς.  
260 |c 2016.  
300 |a 97 σ. :   |b εικ. ;   |c 30 εκ.  
502 |a Πτυχιακή εργασία - Πανεπιστήμιο Αιγαίου, Σύρος, 2016.  
504 |a Βιβλιογραφία: σ. 85-87.  
520 8 |a Στόχος της παρούσας διπλωματικής εργασίας είναι ο λεπτομερής σχεδιασμός ενός καροτσιού για οδοκαθαριστές πόλεων. Το καρότσι αυτό θα πρέπει να διαθέτει χώρο για ανακυκλώσιμα υλικά και άλλο για τα υπόλοιπα απορρίμματα, χώρο για τα εργαλεία του οδοκαθαριστή και τα προσωπικά του αντικείμενα. Ακόμα θα πρέπει το βάρος του να είναι μικρό για να μην καταπονείται ο οδοκαθαριστής και να είναι σχεδιασμένο με βάση τις εργονομικές προδιαγραφές.  
650 0 |a Dissertations, Academic  |z Greece. 
650 0 |a Street cleaning  |x Equipment and supplies. 
700 1 |a Παπανίκος, Παρασκευάς,  |e dgs 
710 2 |a Πανεπιστήμιο Αιγαίου.   |b Σχολή Θετικών Επιστημών.   |b Τμήμα Μηχανικών Σχεδίασης Προϊόντων και Συστημάτων. 
852 |a INST  |b SYROS  |c DIATR  |e 20170322  |h 628.46 ΚΟΥ  |p 005500012951  |q 005500012951  |t DIE  |y 23 
856 |u http://hdl.handle.net/11610/19651 
924 |a Κουκά  |b Υβόννη  |y Σύρος  |z 2016-10 
970 |a Κοντού  |b Παρασκευή  |z 25/01/2017